[Event "Corus"]
[Site "Wijk aan Zee"]
[Date "2009.01.19"]
[Round "3"]
[White "Kamsky, Gata"]
[Black "Morozevich, Alexander"]
[Result "1-0"]
[WhiteElo "2725"]
[BlackElo "2771"]
[Annotator "Marin,M"]
[PlyCount "67"]
[EventDate "2009.01.17"]
[EventType "tourn"]
[EventRounds "13"]
[EventCountry "NED"]
[EventCategory "19"]
[SourceTitle "CBM 129"]
[Source "ChessBase"]
[SourceDate "2009.03.25"]
[SourceVersion "1"]
[SourceVersionDate "2009.03.25"]
[SourceQuality "1"]

1. e4 e5 2. Nf3 Nc6 3. Bb5 a6 4. Ba4 Nf6 5. O-O b5 6. Bb3 Bc5 7. c3 d6 8. a4 (
8. d4 Bb6 9. a4 (9. Bg5 {Khairullin,I (2543)-Inarkiev,E (2628)/Moscow 2006/CBM
116/[Marin] (0-1, 64)}) {The main alternative is} 9... Rb8 (9... Bg4 {Anand,V 
(2786)-Naiditsch,A (2654)/Dortmund 2007/CBM 119/[Marin] (1-0, 57)}) 10. axb5 (
10. Na3 {Dominguez Perez,L (2678)-Shirov,A (2699)/Foros UKR 2007/CBM 119/
[Marin] (0-1, 46)}) 10... axb5 11. Qd3 $5 {Adams,M (2734)-Shirov,A (2699)/
Elista 2007/CBM 119/[Marin] (1/2-1/2, 26)}) 8... Rb8 9. axb5 (9. d4 {1-0 Leko,
P (2755)-Shirov,A (2739)/Moscow RUS 2007/CBM 122/[Marin] (31)}) 9... axb5 10.
d3 O-O 11. h3 $5 {White prepares Bc1-g5.} (11. Bg5 {is considered to be
premature because of} h6 12. Bh4 g5 13. Bg3 Bg4 $1 {By transferring the bishop
to the kingside, Black defends the weaknesses induced by the move ...g5.} 14.
h3 {White forces the bishop occupy the h5-square, in order to prevent ...Nh5.
This is a debatable decision, because it might be that the plan ...Bh5-g6 is
best anyway.} ({In any case, after} 14. Nbd2 {, the plan based on} Nh5 {
looks playable, too.} 15. Re1 Nxg3 16. hxg3 Kg7 17. Nf1 {Spraggett,K (2601)
-Ubilava,E (2525)/Benasque 2008/CBM 125 Extra (1/2, 32)} Qd7 18. Ne3 Bxe3 19.
Rxe3 f5 $132) 14... Bh5 15. Re1 Qd7 16. Nbd2 g4 $5 ({This leads to interesting
play, but} 16... Bg6 17. Nf1 Nh5 $11 {looks strategically more consistent.})
17. hxg4 Bxg4 18. Nf1 Nh5 19. Bd5 Ne7 20. Bb3 Nc6 21. Bd5 Ne7 22. Bb3 Nc6 {
1/2 Alekseev,E (2716)-Karjakin,S (2694)/Khanty-Mansiysk 2007/CBM 122}) 11...
Ne7 $146 {This looks like a logical novelty. Black anticipates the threat Bg5
reinforcing his kingside.} ({Previously, Black has mainly played} 11... h6 {
Although the results are entirely satisfactory for Black, White's play tends
to be more pleasant.} 12. Re1 Bb6 (12... Re8 13. Nbd2 Bb6 14. Nf1 Ne7 15. Nh4
Be6 16. Ng3 Qd7 17. Bxe6 Qxe6 18. Ngf5 Nxf5 19. Nxf5 Kh7 20. Qf3 Ng8 21. Be3
Ne7 22. Bxb6 Rxb6 23. Ra7 $36 {Colovic,A (2414)-Korneev,O (2619)/Dos Hermanas
2000/CBM 075 ext (1/2, 58)}) 13. Na3 Na5 14. Ba2 c6 15. b4 Nb7 16. c4 Bd7 17.
Bb2 $14 {Hamdouchi,H (2513)-Korneev,O (2619)/Dos Hermanas 2000/CBM 075 ext (1/
2, 36)}) (11... Bb6 $6 12. Bg5 h6 13. Bh4 Be6 ({After} 13... g5 14. Bg3 $14 {
Black does not dispose over the plan Bg4-h5.}) 14. Nbd2 $14 {It is not easy to
get rid of the pin.} Ne7 $2 {But this leads to disaster, of course.} 15. Bxf6
gxf6 16. Nh4 $16 {Svetushkin,D (2568)-Deleau,D (2107)/Gap 2008/CBM 123 Extra 
(1-0, 35)}) 12. Na3 {White continues developing in slow mode, in the spirit of
the Giuoco Pianissimo variation, with which the present line has a lot in
common.} ({In the Giuoco Pianissimo variation, White frequently answers ...
Nc6-e7 with} 12. Bg5 Ng6 13. Nh4 Nxh4 14. Bxh4 h6 15. Nd2 {, which makes sense
here, too. Black cannot get rid of the pin without weakening his kingside.}) (
12. d4 {is not too logical. Being underdeveloped yet, White cannot afford
losing a tempo and setting tension in the centre at the same time.} Bb6 13. Re1
(13. dxe5 Nxe4) 13... Ng6 14. Nbd2 c5 $132) 12... Ng6 13. Nc2 h6 {This looks
like a useful move, preparing ...Be6, by preventing the knight's incursion to
g5.} ({The immediate} 13... Be6 {looks playable though, since White has
nothing concrete after} 14. Ne3 Ra8 15. Rxa8 Qxa8 16. Bxe6 fxe6 17. Qb3 Qe8 18.
Ng5 Nf4) 14. Re1 Bb6 15. Ne3 c6 16. Nh2 Kh8 $6 {So far, Black's play has been
very logical, but now he starts gowing astray in a rather painful way.
Morozevich probably wanted to set Kamsky a refined trap, but his last king
move is very harmful from this point of view. Apparently, he will realise this
only in the last moment, when it was practically too late to get a decent
position.} (16... Be6 {is more natural and better.} 17. Nhg4 h5 $5 ({I do not
entirely trust} 17... Nxg4 18. hxg4 {[%cal Ge3f5] , but this would have been
an improved version over the game continuation.}) 18. Nh2 (18. Nxf6+ Qxf6 19.
Bxe6 fxe6 {[%cal Gf6f2]} 20. Rf1 Nf4 $36) 18... d5 $132) 17. Nhg4 Nxg4 18. hxg4
Qh4 $6 (18... Be6 19. Nf5 $14) 19. d4 exd4 $6 {This is a completely
unnecessary strategic concession.} 20. cxd4 Qf6 $2 21. Nf5 $1 Kg8 ({I suspect
that Morozevich had prepared} 21... Bxf5 $2 22. exf5 $1 (22. gxf5 $2 {would
justify Black's play after} Bxd4 $1 $15) 22... Bxd4 {, missing the strong
intermediate move} 23. g5 $3 {, which would not work out well with the king on
g8... Black loses material.} hxg5 24. Qh5+ Kg8 25. fxg6 Qxf2+ 26. Kh2 $18) 22.
Be3 $16 {White is better developed and has considerable space advantage.} Bxf5
23. gxf5 Ne7 24. Bc2 Rfd8 25. b4 c5 26. bxc5 dxc5 27. Qg4 Rxd4 28. Bxd4 Qxd4
29. Qg3 Nc6 30. e5 c4 31. Rad1 Qb2 32. f6 g5 33. Re2 Qb4 34. Qh3 1-0

[Event "Corus"]
[Site "Wijk aan Zee"]
[Date "2009.01.25"]
[Round "8"]
[White "Carlsen, Magnus"]
[Black "Kamsky, Gata"]
[Result "1/2-1/2"]
[WhiteElo "2776"]
[BlackElo "2725"]
[Annotator "CB"]
[PlyCount "31"]
[EventDate "2009.01.17"]
[EventType "tourn"]
[EventRounds "13"]
[EventCountry "NED"]
[EventCategory "19"]
[SourceTitle "CBM 129"]
[Source "ChessBase"]
[SourceDate "2009.03.25"]
[SourceVersion "1"]
[SourceVersionDate "2009.03.25"]
[SourceQuality "1"]

1. Nf3 d5 2. d4 Nf6 3. c4 c6 4. Nc3 a6 {The Chebanenko Variation. Frankly
speaking, I cannot understand why he classical players of the early 20th
century could not find this useful move, keeping the possibility of actively
developing the traditional problem child bishop on c8. Nowadays, the move
seems so logical and natural!} 5. a4 {One of many sensible replies. What
hasn't White tried, in an effort to refute the Chebanenko! Yet even the
greatest sceptics have to acknowledge that Black's play has a healthy
positional basis. The text move prevents Black gaining space on the queenside
by b5.} e6 {A solid response. True, the bishop on c8 remains passive after all,
but White has had to pay for this achievement by weakening the square b4.} ({
The drawbacks of} 5... Bf5 6. Qb3 Ra7 7. a5 {were revealed in the game
Gelfand-Morozevich, Astana 200:} e6 (7... dxc4 {is more reliable}) 8. Qb6 $1
Qxb6 9. axb6 Ra8 10. c5 Nbd7 11. e3 Be7 12. Be2 O-O 13. Nd2 e5 14. O-O Rfe8 15.
Nb3 Bf8 16. Bd2 Bc2 17. Na5 {and White's pressure on the queenside was
overwhelming.}) 6. g3 {Magnus heads for a Catalan set-up.} ({The latest tests
show that after} 6. Bg5 Nbd7 7. a5 (7. e3 Qa5 $1) 7... h6 8. Bh4 dxc4 9. e3 b5
$1 10. axb6 Nxb6 11. Ne5 c5 {Black successfully equalizes.}) 6... a5 {Securing
a favourable queenside pawn structure. The black pieces will feel comfortable
on the b4 square.} 7. Bg2 Nbd7 ({A rare plan. Usually, Black directs the
knight to b4 via a6, eg.} 7... Na6 8. O-O Be7 9. b3 O-O 10. Bb2 b6 11. Ne5 Nb4
12. e4 Ba6 13. Re1 Rc8 14. Rc1 dxc4 15. Nxc4 Bxc4 16. bxc4 e5 $1 {and Black
took over the dark squares in the centre (Ruck-Rustemov, Warsaw 2005).}) 8. O-O
({A novelty. In most cases, once Nbd7 has bene played, White has to defend the
c4 pawn, but Magnus is ready to sacrifice it.} 8. Nd2 Be7 9. e4 dxe4 10. Ndxe4
O-O 11. O-O Nxe4 12. Nxe4 Nf6 13. Be3 Qc7 14. Qb3 Ng4 15. Bf4 e5 16. dxe5 Nxe5
17. Qc3 f6 18. c5 {and White was better (Pham Hoang - Le Quang, Vietnam 2003).
However, Black's play can easily be strengthened, eg. it would be interseting
to try 9...c5!}) 8... Bb4 ({So this is why the b4 square was left free.} 8...
dxc4 9. e4 Bb4 10. Qe2 Nb6 11. Bf4 {Black will have to suffer for a long time
in a passive position.}) 9. e4 ({A sharp reply! Carlsen opens the centre at
once, exploiting Black's slight lag in development.} 9. Nd2) 9... Bxc3 ({
The most principled. less convincing is} 9... Nxe4 10. Nxe4 dxe4 11. Ng5 {
and now} f5 $2 {is impossible because of} 12. Nxe6) ({Also} 9... O-O {allows
White pressure after} 10. e5) 10. bxc3 Nxe4 ({Worse is} 10... dxe4 11. Ng5 {
and White regains the pawn at once.}) 11. Ba3 $1 {Having said "a", White must
say "b". He needs to create threats, not worrying about the c3 pawn. Carlsen
cuts off the enemy king in the centre.} Ndf6 ({Kamsky does not grab the second
pawn. After} 11... Nxc3 12. Qb3 Ne4 13. Rfe1 {White certainly has very strong
pressure. One cooperative variation runs} b6 $2 14. cxd5 cxd5 15. Nd2 Nxd2 16.
Qxd5 Ra7 17. Rxe6+ $1 {mating.}) 12. Ne5 {White must proceed energetically.}
Nd6 {Kamsky's idea is simple - he closes the a3-f8 diagonal, and so prepares
castling.} 13. cxd5 exd5 14. c4 {Still trying to open central lines at all
cost.} O-O {Kamsky does not even look at taking the pawn. The safety of the
black king is worth all the pawns in the world.} 15. cxd5 Nxd5 {White has
compensation for the pawn.} 16. Bxd5 1/2-1/2

[Event "Corus"]
[Site "Wijk aan Zee"]
[Date "2009.01.28"]
[Round "10"]
[White "Ivanchuk, Vassily"]
[Black "Kamsky, Gata"]
[Result "1/2-1/2"]
[WhiteElo "2779"]
[BlackElo "2725"]
[Annotator "Krasenkow,M"]
[PlyCount "114"]
[EventDate "2009.01.17"]
[EventType "tourn"]
[EventRounds "13"]
[EventCountry "NED"]
[EventCategory "19"]
[SourceTitle "CBM 129"]
[Source "ChessBase"]
[SourceDate "2009.03.25"]
[SourceVersion "1"]
[SourceVersionDate "2009.03.25"]
[SourceQuality "1"]

1. c4 c6 2. Nc3 d5 3. d4 Nf6 4. e3 g6 5. Nf3 Bg7 6. Bd3 O-O 7. O-O Bg4 8. h3
Bxf3 9. Qxf3 e6 10. Rd1 Nbd7 11. b3 Re8 12. Bb2 a5 $146 {[%mdl 8] A new plan.
Black prepares queenside counterplay. Besides, if the white knight now moves
away from c3, ...a5-a4 will follow.} (12... Qe7 {is a common move in this
position played, among others, by Ivanchuk himself:} 13. Bf1 (13. Qe2 {[%cal
Ye2c2] is also possible}) 13... Rad8 14. a4 Rc8 15. Ba3 Qd8 16. Rab1 a5 17. Qe2
Bf8 18. Qb2 Ra8 19. Bxf8 Rxf8 20. b4 {1/2 Van Wely,L (2668)-Ivanchuk,V (2699)/
Wijk aan Zee 2003/CBM 093}) ({On the other hand,} 12... e5 {is premature and
only creates a weakness on d5, e.g.} 13. cxd5 cxd5 14. dxe5 Nxe5 15. Qf4 Nxd3
16. Rxd3 Qa5 17. Rad1 Rac8 18. Qf3 Red8 19. a3 $14 {[%csl Rd5] 1-0 Van Wely,L 
(2648)-Beckhuis,G (2328)/Germany 2006/EXT 2007 (40)}) 13. Rab1 {White starts
preparing b3-b4.} Qb8 14. Qe2 h5 {A typical move. Black wants to force h3-h4
and obtain the g4 square.} 15. Qc2 Nb6 16. Ne2 Nc8 17. Bc3 Nd6 18. Be1 (18. c5
Nf5 $11) 18... Bh6 19. Nc3 b5 $5 {Looks premature but how could Black prepare
this advance better? Waiting was not an option either - White would play Qe2,
f3, Bg3 etc.} 20. cxb5 cxb5 21. Qe2 b4 22. Na4 e5 $5 {Otherwise White seizes
the c5-square and stands better.} 23. dxe5 Rxe5 24. Qb2 Nd7 25. Rbc1 (25. Nc5
$5 Re7 26. Qd4 $14) 25... Bg7 26. Qc2 Ra7 27. Be2 (27. Qc6 $142 Nf6 28. Nc5 $36
{activating the knight. Instead, White starts lengthy manoeuvring, and Black
consolidates his position.}) 27... Kh7 28. Qc6 Nf5 29. Qc2 Qe8 30. Bf1 Bh6 31.
Bd3 Nf6 32. Qc8 Qe7 33. Bxf5 (33. Nb6 $5 d4 34. Qc2 {[%cal Rb6c8]}) 33... Rxf5
34. Qc5 Qb7 35. Rc2 {This allows a freeing pawn sacrifice, а la Nimzowitsch.} (
35. Qd4 $5 $14 {[%cal Yc1c5]}) (35. Qb6 $5 $14) 35... d4 $5 {[%mdl 512]
However, a pawn is a pawn!} 36. Qxd4 Rd5 37. Qa1 Rg5 38. f4 Rd5 39. Rxd5 Nxd5
40. Qd4 Bg7 41. Qd3 Qa8 42. Bd2 $6 {Converting White's material advantage is
not an easy task. He should probably start solving it with the prophylactic} (
42. Bh4 $1 Rd7 $140 43. Nc5 {the d8-square is now unavailable} Rc7 44. Rc4 {
etc. Instead, he places his bishop in a passive position.}) 42... Rd7 43. Nc5
Rd8 44. Qe4 Qa7 45. Qf3 Nc3 46. Ne4 a4 $5 47. Kh2 axb3 48. axb3 Qc7 (48... Qd7
$5 49. Be1 Nxe4 50. Qxe4 Re8 51. Qxb4 Rxe3 52. Bf2 Rd3 $44 {[%csl Rb3,Rf4] was
probably even better}) 49. Be1 Re8 50. Nxc3 {Practically resigning himself to
a draw - with the strong c3-pawn Black easily reaches one.} bxc3 51. e4 Qb7 (
51... Bd4 $5) 52. Bxc3 Qxb3 53. Rc1 Rc8 54. e5 Bh6 55. Kg3 Qe6 56. Rf1 $6 {
An oversight but} (56. Bd2 Rxc1 57. Bxc1 {is hardly promising}) 56... Bxf4+ $1
{[%mdl 64]} 57. Qxf4 (57. Kxf4 Rxc3 58. Qxc3 Qf5+ 59. Kg3 Qxf1 $11) 57... Rxc3+
1/2-1/2

[Event "Corus"]
[Site "Wijk aan Zee"]
[Date "2009.01.30"]
[Round "11"]
[White "Kamsky, Gata"]
[Black "Karjakin, Sergey"]
[Result "1-0"]
[WhiteElo "2725"]
[BlackElo "2706"]
[Annotator "Krasenkow,M"]
[PlyCount "81"]
[EventDate "2009.01.17"]
[EventType "tourn"]
[EventRounds "13"]
[EventCountry "NED"]
[EventCategory "19"]
[SourceTitle "CBM 129"]
[Source "ChessBase"]
[SourceDate "2009.03.25"]
[SourceVersion "1"]
[SourceVersionDate "2009.03.25"]
[SourceQuality "1"]

1. d4 d5 2. Nf3 Nf6 3. c3 {Bye-bye, theory!} (3. c4 {is reserved for the match
against Topalov.}) 3... c5 4. dxc5 g6 $6 (4... e6 {, to recapture the pawn,
looks more appropriate.}) 5. g3 Bg7 6. Bg2 O-O 7. O-O {We have reached a
position from the symmetrical QPO line (1.d4 Nf6 2.Nf3 g6 3.g3 Bg7 4.Bg2 0-0 5.
0-0 d5 6.c3) with the risky 6...c5?! 7.dxc5. It is not clear now how Black is
going to regain the pawn.} Nc6 {Or else:} (7... Ne4 8. Ng5 $1 (8. Be3 Na6 9.
Nbd2 Naxc5 10. Nxe4 Nxe4 11. Qb3 e6 12. Rfd1 $14 {1-0 Orel,O (2335)-Licina,A 
(2125)/Bled 1994/TD (19)}) 8... Nxg5 9. Bxg5 h6 10. Be3 e6 11. Qd2 Kh7 12. Na3
Nc6 13. Rad1 Qe7 14. Nb5 $16 {1-0 Fominykh,M (2308)-Shlakich,A (2105)/Moscow
2006/CBM 115 ext (46)}) (7... Na6 8. b4 Ne4 9. Nd4 (9. a3 $5 b6 (9... Nxc3 10.
Nxc3 Bxc3 11. Ra2 Bg7 12. Rd2 Nc7 13. e4 e6 14. exd5 Nxd5 15. Qb3 $14 {1-0
Fiorito,F (2450)-Pierrot,J (2385)/Trelew 1995/EXT 1997 (28)}) 10. Nd4 e6 11. c6
Qf6 12. Bb2 e5 13. Nf3 Qxc6 14. c4 Qxc4 15. Bxe5 $14 {1/2 Sahl,B (2375)
-Riemersma,L (2420)/Lyon 1990/EXT 1997 (56)}) 9... e5 (9... Nc7 10. Bb2 a5 11.
a3 Ne6 12. e3 N6g5 13. f3 $14 {0-1 Boguszlavszkij,J (2280)-Bagonyai,A (2364)/
Zalakaros 2003/EXT 2005 (88)}) 10. Nb5 (10. Nb3 Be6 11. Bb2 b6 12. cxb6 Qxb6
13. N1d2 Nd6 14. e4 dxe4 15. Nxe4 Nxe4 16. Bxe4 Rac8 $132 {1/2 Urban,K (2468)
-Brzeski,M (2260)/Wroclaw 2008/CBM 125 Extra (21)}) 10... Be6 11. Nd2 Nxd2 12.
Qxd2 Qd7 13. a4 b6 14. cxb6 axb6 15. Bb2 Rac8 16. Rfd1 Rfd8 17. e3 $16 {
1-0 Brestian,E (2429)-Mitter,G (2261)/Austria 1999/EXT 2002 (30)}) (7... a5 $5
{Perhaps relatively best.} 8. c4 (8. Na3 Na6 9. Nb5 Nxc5 10. a4 Bd7 11. Be3
Bxb5 12. axb5 Qd6 $11 {1/2 Efimov,I (2470)-Vezzosi,P (2305)/Sestola 1992/EXT
2000 (72)}) 8... Na6 9. Nc3 dxc4 10. Ne5 $5 (10. Qxd8 Rxd8 11. Ne5 Nxc5 12. Be3
Nfe4 13. Nxe4 Nxe4 14. Nxc4 Nd6 15. Rfd1 Be6 16. Nxd6 Rxd6 17. Rxd6 exd6 18. a4
Rc8 19. Bxb7 Rb8 20. Bc6 Rxb2 $11 {1/2 Zisman,P (2255)-Mikhalevski,V (2499)/
Ramat Aviv 2000/CBM 077 (41)}) (10. c6 Nb4 (10... Qc7 11. Qa4 Nb4 12. cxb7 Bxb7
13. Bf4 Qb6 14. Ne5 Bxg2 15. Kxg2 Rfc8 $11 {1-0 Froehlich,P (2397)-Smerdon,D 
(2393)/Canberra 2004/EXT 2005 (64)}) 11. Ne5 Nxc6 12. Qxd8 Rxd8 13. Nxc4 Be6
14. Nb6 Ra6 15. Nba4 Nd5 16. Nxd5 {1/2 Basin,L (2350)-Maryasin,B/Minsk 1987/
EXT 1999}) 10... Nxc5 11. Be3 Nfe4 12. Nxe4 Nxe4 13. Nxc4 Nd6 14. Nxd6 Qxd6 15.
Qxd6 exd6 16. Rad1 $14) 8. Qb3 {An interesting idea - the queen will protect
the c5-pawn from a3, and the rook may go to d1.} (8. Na3 $5 e5 9. Nb5 Be6 10.
b4 Ne4 11. Bb2 f5 12. Nd2 a6 13. Nxe4 fxe4 14. Nd6 $16 {0-1 Fridman,D (2569)
-Rakhmanov,A (2473)/playchess.com INT 2006/EXT 2007 (50)}) (8. Nbd2 $5) (8. Nd4
$5) 8... Qa5 (8... Ne4 9. Qa3 b6 10. cxb6 Qxb6 11. Ng5 $1 $16) 9. Qa3 Qc7 10.
Bg5 Ne4 11. Be3 e5 12. Nbd2 f5 {A seemingly dangerous advance but White's
position is solid, and Black's compensation for the pawn is insufficient.} 13.
Rad1 Nf6 (13... f4 14. gxf4 exf4 15. Bd4 $16) (13... Be6 14. Nxe4 dxe4 15. Ng5
$16) (13... a5 $5 {M.Notkin}) 14. b4 Re8 (14... Ng4 15. Qb3 $1 Ne7 16. Bg5) 15.
Nb3 Ne4 16. b5 Ne7 17. Qc1 b6 $6 {This allows White to destroy Black's
position completely but it is not easy to give him good advice:} (17... Bd7 18.
a4 a6 19. c6 $5 bxc6 $140 20. b6 $16) (17... a6 18. b6 $16) 18. Ng5 $1 bxc5 19.
c4 (19. Nxe4 $5 fxe4 (19... dxe4 20. c4) 20. Nxc5) 19... d4 20. Nxe4 fxe4 21.
Bg5 Bb7 22. Bxe7 Rxe7 23. Qc2 Rf8 24. Bxe4 {Again winning the pawn and keepin
a blockade on light squares.} Bc8 25. Kg2 Bh6 26. Rd3 Kg7 27. Rf3 Rd8 28. h3
Be6 29. a4 a5 30. Bc6 Qb6 31. e4 dxe3 $2 {[%mdl 16384] A mistake hastening
Black's defeat. He gives up his only trump, the passed d4-pawn, and opens up
the f-file for White. However, in any case after Bc6-d5 he could not survive
too long.} 32. fxe3 Kg8 33. e4 Rd6 34. Bd5 Bxd5 35. cxd5 Rc7 36. Rc3 Rf6 37.
Rxf6 Qxf6 38. Nxc5 Rf7 39. Qe2 Bd2 40. Rf3 Qg5 41. Ne6 1-0